'Red' Things Quiz Stats

 Plays Quiz Updated Aug 8, 2018

Score 0/20 Timer 04:00
2 Plays Today
% Correct
Red Wine
98%
Red Delicious
92.1%
Red Carpet
92%
Red Light
90.6%
Red Squirrel
90.6%
Red Pepper
89.4%
Red Solo Cup
88.9%
Red Riding Hood
87.6%
Red Velvet Cake
87.3%
Boston Red Sox
86.6%
% Correct
Red Cross
82.8%
Red Blood Cells
82.6%
The Red Queen
70.2%
Washington Redskins
69.6%
Rhode Island Red
68.6%
Red Baron
67.9%
Red Panda
64.1%
Red Hot Chili Peppers
57.7%
The Red Wedding
46%
Red Skull
38.4%

You're not logged in!

Compare scores with friends on all Sporcle quizzes.
OR
Log In

Sporcle TV

Today on Sporcle TV


Watch our educational content, quiz creation guides, and fun videos on Sporcle TV.

Show Comments

Extras

Top Quizzes Today


Score Distribution

Your Account Isn't Verified!

In order to create a playlist on Sporcle, you need to verify the email address you used during registration. Go to your Sporcle Settings to finish the process.

Report this User

Report this user for behavior that violates our Community Guidelines.

Details: